|
|
|
|
| LEADER |
00000cam a2200000 a 4500 |
| 001 |
vtls001452171 |
| 003 |
SK-MaSNL |
| 005 |
20260301073144.0 |
| 008 |
240226s2002 xo l frnp 000 0 slo |
| 015 |
|
|
|a SNBA2003/05-01649
|
| 020 |
|
|
|a 8022515108
|
| 035 |
|
|
|a SNK000407478
|
| 035 |
|
|
|a urn:nbn:sk:snk-am3j0wg
|
| 035 |
|
|
|a 9262D83D-3B9F-4B7B-8DF4-C90B16A1B987
|
| 035 |
|
|
|a urn:nbn:sk:snk-am00gghv
|
| 040 |
|
|
|a SNK
|b slo
|c SNK
|e AACR2
|
| 041 |
0 |
|
|a slo
|
| 043 |
|
|
|a e-xo---
|
| 044 |
|
|
|a xo
|c SK
|
| 072 |
|
7 |
|a 32
|x Politika
|2 konspekt
|
| 072 |
|
7 |
|a 37.016
|x Učebné osnovy. Vyučovacie predmety. Učebnice
|2 konspekt
|
| 080 |
|
|
|a 321(075.8)
|2 1997
|
| 080 |
|
|
|a 342.59(075.8)
|2 1997
|
| 080 |
|
|
|a 328/329(075.8)
|2 1997
|
| 080 |
|
|
|a 32
|2 2011
|
| 080 |
|
|
|a 321:328/329
|2 2011
|
| 080 |
|
|
|a (075.8)
|2 2011
|
| 080 |
|
|
|a 329.1/.6
|2 2011
|
| 080 |
|
|
|a 342.8
|2 2011
|
| 245 |
0 |
0 |
|a Politické systémy
|c Ján Liďák a kolektív
|
| 250 |
|
|
|a 1. vyd.
|
| 260 |
|
|
|a Bratislava
|b Ekonóm
|c 2002
|
| 300 |
|
|
|a 219 strán
|b schémy
|c 20 cm
|
| 366 |
|
|
|e 850 kusov
|
| 500 |
|
|
|a Vydala Ekonomická univerzita v Bratislave
|
| 504 |
|
|
|a Bibliografia na strane 207-217
|
| 650 |
0 |
7 |
|a politické systémy
|2 SNKPH
|9 67546
|
| 650 |
0 |
7 |
|a komparácia politických systémov
|2 SNKPH
|9 115207
|
| 650 |
0 |
7 |
|a politika
|2 SNKPH
|9 968
|
| 650 |
0 |
7 |
|a politické strany
|2 SNKPH
|9 3589
|
| 650 |
0 |
7 |
|a volebné systémy
|2 SNKPH
|9 3588
|
| 655 |
|
7 |
|a učebnice vysokých škôl
|2 SNKPH
|9 70191
|
| 700 |
1 |
|
|a Koganová, Viera,
|d 1955-
|4 aut
|9 132999
|
| 700 |
1 |
|
|a Kupkovič, Miroslav
|4 aut
|9 40504
|
| 700 |
1 |
|
|a Brezníková, Soňa
|4 aut
|9 60802
|
| 700 |
1 |
|
|a Vokálová, Emília
|4 aut
|9 8969
|
| 700 |
1 |
|
|a Leška, Dušan
|4 aut
|9 7626
|
| 700 |
1 |
|
|a Barát, Peter
|4 aut
|9 188365
|
| 700 |
1 |
|
|a Duleba, Alexander,
|d 1966-
|4 aut
|9 109162
|
| 700 |
1 |
|
|a Liďák, Ján,
|d 1952-
|4 aut
|9 208079
|
| 710 |
2 |
|
|a Ekonomická univerzita v Bratislave
|4 pbl
|9 78770
|
| 919 |
|
|
|a 80-225-1510-8
|
| 958 |
|
|
|a TL
|
| 958 |
|
|
|a NB
|
| 958 |
|
|
|a UV
|
| 958 |
|
|
|a SP
|
| 958 |
|
|
|a OND
|
| 999 |
|
|
|c 643290
|d 645220
|
| 952 |
|
|
|t P60, <03>, [BOOK], {603}
|a SNK
|b SNK
|y PREZ
|7 0
|p 17A0378991
|o snkSC 111324
|i snkKSP 4989/2003
|0 0
|1 0
|4 0
|d 2003-04-14
|f 1
|l 0
|r 2025-10-01 00:00:00
|w 2026-02-23
|
| 952 |
|
|
|t snkLID 321
|a SNKUST
|b SNKUST
|y PREZ
|7 0
|p 17A0378992
|o snkSC 111324 D1
|i snkKSP 4990/2003
|0 0
|1 0
|4 0
|d 2003-04-14
|l 0
|r 2025-04-30 00:00:00
|w 2026-02-23
|